Religion Quiz

Random Religion or Church Quiz

Eastern Orthodox Christian autocephalous and autonomous Quiz Stats

 Plays Quiz not verified by Sporcle

Score 0/19 Timer 06:00
0 Plays Today
Patriarch (A.D. 2013) Church % Correct
KirillRussia
96.9%
IeronymosGreece
89%
IrinejSerbia
87.7%
DanielRomania
87.7%
VolodymyrUkraine
86.4%
KirilBulgaria
85.9%
Bartholomew IConstantinople
80.4%
TikhonUSA
79.3%
Theophilus IIIJerusalem
73.8%
Ilia IIGeorgia
73.6%
Patriarch (A.D. 2013) Church % Correct
Theodoros IIAlexandria
72%
John XAntioch
70.9%
Chrysostomos IICyprus
68.6%
SawaPoland
65.7%
AnastasiosAlbania
62.8%
KrystofCzech
59.2%
LeoFinland
57.1%
DanielJapan
50.3%
DamianSinai
29.8%

You're not logged in!

Compare scores with friends on all Sporcle quizzes.
OR
Log In

Show Comments

Extras

Top Quizzes Today


Score Distribution

Your Account Isn't Verified!

In order to create a playlist on Sporcle, you need to verify the email address you used during registration. Go to your Sporcle Settings to finish the process.

Report this User

Report this user for behavior that violates our Community Guidelines.

Details: